Delitos de posesión: bases para una dogmática

محفوظ في:
التفاصيل البيبلوغرافية
المؤلف الرئيسي: Cox Leixelard, Juan Pablo (مؤلف)
التنسيق: كتاب
اللغة:الإسبانية
منشور في: Montevideo B de F Ltda. 2012
سلاسل:Estudios y Debates en Derecho Penal, 6
الموضوعات:
الوسوم: إضافة وسم
لا توجد وسوم, كن أول من يضع وسما على هذه التسجيلة!

MARC

LEADER 00000cam a2200000 a 4500
001 UCF3647
003 CL-VaPUC
008 121025e20120000UY |||||||||||||||||spa|d
020 |a 9789974676886 
082 0 4 |a 345.02  |b COX  |2 21 
100 0 |a Cox Leixelard, Juan Pablo  |e author  |9 565382 
245 1 0 |a Delitos de posesión: bases para una dogmática 
300 |a 306 p 
942 |c BK 
945 |d 20121025 00:00:00  |a dcastane 
260 |a Montevideo  |b B de F Ltda.  |c 2012 
650 0 |a Delitos  |9 224143 
650 7 |a DERECHO PENAL  |2 CL-VaPUC  |9 11 
583 |a last modification  |c 20121025 12:11:00  |k Rodrigo Vera 
490 0 |a Estudios y Debates en Derecho Penal, 6 
999 |c 349838  |d 349836 
952 |0 0  |1 0  |4 0  |6 345_020000000000000_COX_2012  |7 0  |8 A  |9 452644  |a BIBDER  |b BIBDER  |d 2019-11-22  |i 4916980  |o 345.02 COX 2012  |p 4916980  |r 2019-11-22  |w 2019-11-22  |y BK  |k DER